<?xml version="1.0" encoding="UTF-8"?>
<record
    xmlns:xsi="http://www.w3.org/2001/XMLSchema-instance"
    xsi:schemaLocation="http://www.loc.gov/MARC21/slim http://www.loc.gov/standards/marcxml/schema/MARC21slim.xsd"
    xmlns="http://www.loc.gov/MARC21/slim">

  <leader>00690nam a22001697a 4500</leader>
  <controlfield tag="008">241125b        |||||||| |||| 00| 0 eng d</controlfield>
  <datafield tag="020" ind1=" " ind2=" ">
    <subfield code="a">9789937121231</subfield>
  </datafield>
  <datafield tag="082" ind1=" " ind2=" ">
    <subfield code="2">23rd.</subfield>
    <subfield code="a">N179.9/Bh274n</subfield>
  </datafield>
  <datafield tag="100" ind1=" " ind2=" ">
    <subfield code="a">&#x92D;&#x923;&#x94D;&#x921;&#x93E;&#x930;&#x940;, &#x932;&#x915;&#x94D;&#x937;&#x94D;&#x92E;&#x923;</subfield>
  </datafield>
  <datafield tag="241" ind1=" " ind2=" ">
    <subfield code="a">sarvochch saskar namaskar!: artha, rahasya ra bigyan / Laxman Bhandari.</subfield>
  </datafield>
  <datafield tag="245" ind1=" " ind2=" ">
    <subfield code="a">&#x938;&#x930;&#x94D;&#x935;&#x93E;&#x947;&#x91A;&#x94D;&#x91A; &#x938;&#x902;&#x938;&#x94D;&#x915;&#x93E;&#x930; &#x928;&#x92E;&#x938;&#x94D;&#x915;&#x93E;&#x930; !: &#x905;&#x930;&#x94D;&#x925;, &#x930;&#x939;&#x938;&#x94D;&#x92F;, &#x930; &#x935;&#x93F;&#x91C;&#x94D;&#x91E;&#x93E;&#x928; /</subfield>
    <subfield code="c">&#x932;&#x915;&#x94D;&#x937;&#x94D;&#x92E;&#x923; &#x92D;&#x923;&#x94D;&#x921;&#x93E;&#x930;&#x940;.</subfield>
  </datafield>
  <datafield tag="260" ind1=" " ind2=" ">
    <subfield code="a">Chitwan:</subfield>
    <subfield code="b">Satsangha Pratisthan,</subfield>
    <subfield code="c">2079BS.</subfield>
  </datafield>
  <datafield tag="300" ind1=" " ind2=" ">
    <subfield code="a">62p.</subfield>
  </datafield>
  <datafield tag="650" ind1=" " ind2=" ">
    <subfield code="a">&#x906;&#x926;&#x930;</subfield>
  </datafield>
  <datafield tag="650" ind1=" " ind2=" ">
    <subfield code="a">&#x928;&#x92E;&#x938;&#x94D;&#x915;&#x93E;&#x930;</subfield>
  </datafield>
  <datafield tag="942" ind1=" " ind2=" ">
    <subfield code="2">ddc</subfield>
    <subfield code="c">ISBN</subfield>
  </datafield>
  <datafield tag="999" ind1=" " ind2=" ">
    <subfield code="c">118190</subfield>
    <subfield code="d">118178</subfield>
  </datafield>
  <datafield tag="952" ind1=" " ind2=" ">
    <subfield code="0">0</subfield>
    <subfield code="1">0</subfield>
    <subfield code="2">ddc</subfield>
    <subfield code="4">0</subfield>
    <subfield code="7">0</subfield>
    <subfield code="a">TUCL</subfield>
    <subfield code="b">TUCL</subfield>
    <subfield code="d">2024-11-25</subfield>
    <subfield code="l">0</subfield>
    <subfield code="o">N179.9/Bh274n</subfield>
    <subfield code="p">IS29850</subfield>
    <subfield code="r">2024-11-25 15:48:19</subfield>
    <subfield code="w">2024-11-25</subfield>
    <subfield code="y">ISBN</subfield>
  </datafield>
  <datafield tag="952" ind1=" " ind2=" ">
    <subfield code="0">0</subfield>
    <subfield code="1">0</subfield>
    <subfield code="2">ddc</subfield>
    <subfield code="4">0</subfield>
    <subfield code="7">0</subfield>
    <subfield code="a">TUCL</subfield>
    <subfield code="b">TUCL</subfield>
    <subfield code="d">2024-11-25</subfield>
    <subfield code="l">0</subfield>
    <subfield code="o">N179.9/Bh274n</subfield>
    <subfield code="p">IS29851</subfield>
    <subfield code="r">2024-11-25 15:48:19</subfield>
    <subfield code="w">2024-11-25</subfield>
    <subfield code="y">ISBN</subfield>
  </datafield>
</record>
